00868cam a22002771 4500001001300000003000400013005001700017008004100034010001700075035002000092040001800112041001100130042001200141043001200153050001800165100004400183245001900227260001000246300002600256490009600282500004900378504003200427651004000459700004000499830005100539sa 67002149 DLC20260227112328.0890714s1966 ii b 000 0 inco  asa 67002149  a(OCoLC)20011656 aDLCcWaUdDLC0 ainchin apremarc aa-ii---00aPK2479.M3bB50 aMahesadāsa Rāva,dactive 1644-1698.10aBinhairāsau. c1966. a4, 60, 270 p.c24 cm.1 aRajasthan Oriental Research Institute, Jodhpur, India. Rajasthan puratana granthamala ;v83 aIn Dingal ; introd. and commentary in Hindi. aBibliography: p. [268]-270. 0aRajasthan (India)xHistoryvPoetry.1 aŚekhāvata, Saubhāgya-siṃha. 0aRājasthāna puratana granthamālā ;v83.